000 00324pab a2200121 454500
008 180718b xxu||||| |||| 00| 0 eng d
100 _aMarwah, Ved
245 _aThe law and the lathi - hoveving spectre of the brutal police force
650 _a Police
650 _aLaw Enforcement
773 _aIndian Express
909 _a24128
999 _c24128
_d24128